00904nam a2200241 450000100060000000300080000600500170001400800410003103500190007204000350009104100080012608200220013410000520015624500790020825000110028726000450029830000610034350000660040465000330047094200120050399900170051595201300053228083BD-RjUL20211209051233.0140329s1969 enkabef b 001 0 eng d a(BD-RjUL)28164 aBD-RjULbengcBD-RjULdBD-RjUL aeng a954.16bHUA 19691 aHutton, J. H.q(John Henry),d1885-1968.98609514aThe Angami Nagas :bwith some notes on neighbouring tribes /cJ. H. Hutton a2nd ed aOxford University Press :bLondon,c1969 axvii, 499 p., 41 plates (4 fold.) :bill., maps ;c23 cm a"Published by direction of the Government of Nagaland" - t.p. 0aAngami (Indic people)986096 2ddccBK c28083d28083 00102ddc40728NFICaRUCLbRUCLcReadingd1974-05-07eOXFORDl0o954.16 HUA 1969r2014-03-29 00:00:00tC-1w2014-03-29yBK